Normal view
MARC view
- ISLAM-THE SPECTACLE OF DEATH
Entry Topical Term
001 - CONTROL NUMBER
- control field: 73553
003 - CONTROL NUMBER IDENTIFIER
- control field: NUST
005 - DATE AND TIME OF LATEST TRANSACTION
- control field: 20210628205032.0
008 - FIXED-LENGTH DATA ELEMENTS
- fixed length control field: 210628|| aca||aabn | a|a d
040 ## - CATALOGING SOURCE
- Original cataloging agency: NUST
- Transcribing agency: NUST
150 ## - HEADING--TOPICAL TERM
- Topical term or geographic name entry element: ISLAM-THE SPECTACLE OF DEATH
670 ## - SOURCE DATA FOUND
- Source citation: Work cat.: (NUST): Islam , K . M 73552, The spectacle of death, including glimpses of life beyond the grave, 2000
